Home Print Resources E-Books E-Journals IIMT Lecture Series Library Membership Form Book Recommendation Form Campus Tour Take AdmissionAbout Us Contact Us

ESSENTIALS OF FORENSIC NURSING (Record no. 65899)

000 -LEADER
fixed length control field 00365nam a22001577a 4500
008 - FIXED-LENGTH DATA ELEMENTS--GENERAL INFORMATION
fixed length control field 250808b |||||||| |||| 00| 0 eng d
020 ## - ISBN
International Standard Book Number 9789356963801
Discounted Price 225
040 ## - CATALOGING SOURCE
Original cataloging agency IIMT University College of Nursing (073)
082 ## - DDC NUMBER
Classification number 614.1 SHA
100 ## - MAIN ENTRY--PERSONAL NAME
Personal name SHARMA RIMPLE
245 ## - TITLE STATEMENT
Title ESSENTIALS OF FORENSIC NURSING
250 ## - EDITION STATEMENT
Edition statement 1
260 ## - PUBLICATION, DISTRIBUTION, ETC. (IMPRINT)
Place of publication, distribution, etc DELHI
Name of publisher, distributor, etc JAYPEE PUB.
Date of publication, distribution, etc 7/8/25
300 ## - PHYSICAL DESCRIPTION
Pages 136
942 ## - ADDED ENTRY ELEMENTS (KOHA)
Koha item type Text-Book- for 7 days
952 ## - LOCATION AND ITEM INFORMATION (KOHA)
-- 2025-08-08
952 ## - LOCATION AND ITEM INFORMATION (KOHA)
-- 2025-08-08
952 ## - LOCATION AND ITEM INFORMATION (KOHA)
-- 2025-08-08
952 ## - LOCATION AND ITEM INFORMATION (KOHA)
-- 2025-08-08
952 ## - LOCATION AND ITEM INFORMATION (KOHA)
-- 2025-08-08
Holdings
Withdrawn status Lost status Source of classification or shelving scheme Damaged status Not for loan Location (home branch) Sublocation or collection (holding branch) Date acquired Source of Acquisition Cost Normal purchase price Koha issues (times borrowed) Koha full call number Accession No. Koha date last seen Koha item type
          IIMT University College of Nursing (073) IIMT University College of Nursing (073) 08/08/2025 JAYPEE PUB. 225.00   614.1 SHA 03-B-7156 08/08/2025 Text-Book- for 7 days
          IIMT University College of Nursing (073) IIMT University College of Nursing (073) 08/08/2025 JAYPEE PUB. 225.00   614.1 SHA 03-B-7157 08/08/2025 Text-Book- for 7 days
          IIMT University College of Nursing (073) IIMT University College of Nursing (073) 08/08/2025 JAYPEE PUB. 225.00   614.1 SHA 03-B-7158 08/08/2025 Text-Book- for 7 days
          IIMT University College of Nursing (073) IIMT University College of Nursing (073) 08/08/2025 JAYPEE PUB. 225.00   614.1 SHA 03-B-7159 08/08/2025 Text-Book- for 7 days
          IIMT University College of Nursing (073) IIMT University College of Nursing (073) 08/08/2025 JAYPEE PUB. 225.00   614.1 SHA 03-B-7160 08/08/2025 Text-Book- for 7 days
IIMT, Central Library. All Rights Reserved IIMT,UNIVERSITY © 2023
Implemented and Customised by I CLOUDE EMS
You Are OPAC Visitor No
free web counter

Powered by Koha